The treatment of minerals in structure plans (Record no. 99243)

MARC details
000 -LEADER
fixed length control field 00505cam a2200157 4500
001 - CONTROL NUMBER
control field D11659
008 - FIXED-LENGTH DATA ELEMENTS--GENERAL INFORMATION
fixed length control field 090401t xxu||||| |||| 00| 0 eng d
035 ## - SYSTEM CONTROL NUMBER
System control number (Sirsi) u99012
041 ## - LANGUAGE CODE
Language code of text/sound track or separate title eng
100 ## - MAIN ENTRY--PERSONAL NAME
Personal name Thompson, M.J.
245 #4 - TITLE STATEMENT
Title The treatment of minerals in structure plans
350 ## - PRICE (NR) (BK AM CF MU VM SE) [OBSOLETE]
Price 0
520 ## - SUMMARY, ETC.
Summary, etc. In: RICS Minerals Division and Institution of Mining and Metallurgy. Incentives for minerals development. One-day conference (at RICS) 7 June 1984. 1984/17 ABC
942 ## - ADDED ENTRY ELEMENTS (KOHA)
Suppress in OPAC 0
948 ## - LOCAL PROCESSING INFORMATION (OCLC); SERIES PART DESIGNATOR (RLIN)
c (OCLC) 04/03/1997
Holdings
Withdrawn status Lost status Source of classification or shelving scheme Damaged status Not for loan Home library Current library Shelving location Date acquired Total Checkouts Full call number Barcode Date last seen Copy number Price effective from Koha item type
    Other/Generic Classification Scheme     London London RICS Boxes 23/04/2001   RICS 1984/17 99012-1001 06/08/2019 1 06/08/2019 Reference material